000 00315nam a2200133Ia 4500
008 231129s1971||||xx |||||||||||||| ||spa||
040 _bspa
082 _a621.75 K89e
100 _aKrar S. F.
245 0 _aEntrenamiento en el taller mecanico
260 _c1971
264 _aRtac-McGraw-Hill
942 _2ddc
_cBKS
999 _c13213
_d13213